[Event "26th Klatovy A 2018"]
[Site "Klatovy CZE"]
[Date "2018.07.03"]
[Round "4.18"]
[White "Slovak, Kilian"]
[Black "Seemann, Jakub"]
[Result "1-0"]
[WhiteElo "2285"]
[BlackElo "1814"]
[PlyCount "57"]
[EventDate "2018.06.30"]
[EventType "swiss"]
[EventRounds "9"]
[EventCountry "CZE"]

1. e4 c5 2. Nf3 d6 3. d4 cxd4 4. Nxd4 Nf6 5. Nc3 a6 6. Bg5 e6 7. f4 h6 8. Bh4 Be7 9. Qf3 Qc7 10. O-O-O Nbd7 11. Be2 Rb8 12. Qg3 b5 13. e5 dxe5 14. fxe5 g5 15. Nxe6 Qxe5 16. Nc7+ Kf8 17. Qxe5 Nxe5 18. Bg3 Ned7 19. N7d5 Nxd5 20. Nxd5 Ra8 21. Nxe7 Kxe7 22. Rhe1 Kf8 23. Rd6 Ra7 24. Bf2 Rb7 25. Bd4 Rh7 26. Bd3 f5 27. Bxf5 Rf7 28. Bg6 Re7 29. Bg7+ 1-0

[Event "26th Klatovy A 2018"]
[Site "Klatovy CZE"]
[Date "2018.07.03"]
[Round "4.19"]
[White "Strnad, Jakub"]
[Black "Furman, Boris"]
[Result "0-1"]
[WhiteElo "2055"]
[BlackElo "2203"]
[PlyCount "120"]
[EventDate "2018.06.30"]
[EventType "swiss"]
[EventRounds "9"]
[EventCountry "CZE"]

1. e4 c5 2. Nf3 Nc6 3. d4 cxd4 4. Nxd4 Nf6 5. Nc3 d6 6. Bg5 e6 7. Qd2 a6 8. O-O-O Bd7 9. f4 Be7 10. Bxf6 Bxf6 11. Nxc6 Bxc6 12. Bd3 Qa5 13. Rhe1 Bxc3 14. Qxc3 Qxc3 15. bxc3 Ke7 16. g3 Rac8 17. Kb2 e5 18. Bc4 Bd7 19. Bd5 Bg4 20. Rd2 Rc5 21. Re3 Rhc8 22. c4 Be6 23. Rb3 Bxd5 24. cxd5 b5 25. Ra3 Ra8 26. Rc3 Rxc3 27. Kxc3 Rc8+ 28. Kb3 Rc4 29. Re2 f6 30. Re3 Kd7 31. Kb2 Rb4+ 32. Kc3 a5 33. a3 Rd4 34. Re2 Rd1 35. Kb3 Rb1+ 36. Ka2 Rf1 37. fxe5 dxe5 38. Kb2 Rf3 39. c4 bxc4 40. Rc2 Rb3+ 41. Ka2 Re3 42. Rxc4 Re2+ 43. Kb3 Rxh2 44. Ka4 Rh3 45. Kxa5 Rxg3 46. a4 h5 47. Kb6 Rb3+ 48. Kc5 h4 49. a5 h3 50. Rc2 g5 51. a6 Ra3 52. Kb6 Rb3+ 53. Ka7 g4 54. Rh2 Rb4 55. Ka8 Rxe4 56. a7 Ra4 57. Kb7 Kd6 58. Rf2 Kxd5 59. Rxf6 Rxa7+ 60. Kxa7 h2 0-1

[Event "26th Klatovy A 2018"]
[Site "Klatovy CZE"]
[Date "2018.07.03"]
[Round "4.20"]
[White "Hadraba, Vladimir"]
[Black "Cmiko, Jakub"]
[Result "1/2-1/2"]
[WhiteElo "2192"]
[BlackElo "2015"]
[PlyCount "51"]
[EventDate "2018.06.30"]
[EventType "swiss"]
[EventRounds "9"]
[EventCountry "CZE"]

1. e4 c5 2. Nf3 d6 3. d4 cxd4 4. Nxd4 Nf6 5. Nc3 a6 6. Be2 e6 7. O-O Be7 8. f4 Qc7 9. a4 Nc6 10. Be3 O-O 11. Kh1 Re8 12. Bf3 Bf8 13. Nb3 Nd7 14. Qe2 b6 15. Qf2 Bb7 16. Rad1 Rac8 17. Rd2 Rb8 18. Qg3 Na5 19. Nxa5 bxa5 20. Ba7 Rbc8 21. Bd4 e5 22. fxe5 Nxe5 23. Nd5 Bxd5 24. exd5 g6 25. b3 Bg7 26. Bd1 1/2-1/2

[Event "26th Klatovy A 2018"]
[Site "Klatovy CZE"]
[Date "2018.07.03"]
[Round "4.22"]
[White "Svanda, Ondrej"]
[Black "Dolansky, Lukas"]
[Result "1-0"]
[WhiteElo "2043"]
[BlackElo "2184"]
[PlyCount "65"]
[EventDate "2018.06.30"]
[EventType "swiss"]
[EventRounds "9"]
[EventCountry "CZE"]

1. c4 c5 2. Nc3 Nc6 3. g3 g6 4. Bg2 Bg7 5. Nf3 d6 6. O-O e5 7. Ne1 f5 8. Nc2 Nf6 9. d3 O-O 10. Ne3 Be6 11. Ned5 Qd7 12. a3 Rae8 13. Rb1 Ne7 14. Nxf6+ Rxf6 15. Bg5 Rf7 16. e3 Nc6 17. f4 h6 18. Bh4 Kh7 19. Nd5 Rff8 20. Re1 Qf7 21. b4 Rg8 22. Bf3 cxb4 23. axb4 Nb8 24. b5 b6 25. h3 Bh8 26. g4 fxg4 27. hxg4 Rgf8 28. Rf1 exf4 29. Nxf4 Bc8 30. Be4 Rxe4 31. dxe4 Qxc4 32. Qxd6 Nd7 33. Qxg6# 1-0

[Event "26th Klatovy A 2018"]
[Site "Klatovy CZE"]
[Date "2018.07.03"]
[Round "4.23"]
[White "Simet, Martin"]
[Black "Nagy, Ladislav1"]
[Result "1-0"]
[WhiteElo "2182"]
[BlackElo "1996"]
[PlyCount "71"]
[EventDate "2018.06.30"]
[EventType "swiss"]
[EventRounds "9"]
[EventCountry "CZE"]

1. b3 c5 2. Bb2 Nc6 3. c4 Nf6 4. g3 b6 5. Bg2 Bb7 6. e3 Qc7 7. d4 d6 8. Ne2 e6 9. O-O Be7 10. Nbc3 O-O 11. Nf4 a6 12. d5 Nd8 13. dxe6 fxe6 14. Bh3 Bc8 15. Qc2 Qa7 16. Rad1 e5 17. Bxc8 Rxc8 18. Nfd5 Nxd5 19. Rxd5 Nf7 20. Ne4 Qc7 21. f4 Rcd8 22. Rfd1 Rfe8 23. Qe2 Bf8 24. Qg4 Qe7 25. f5 Kh8 26. Qh5 h6 27. h4 Kg8 28. g4 Nh8 29. Nxd6 Rxd6 30. Rxd6 Qb7 31. Qxe8 Qf3 32. Qxf8+ Kxf8 33. Rd8+ Ke7 34. R1d7+ Kf6 35. Rf8+ Nf7 36. Rdxf7# 1-0

[Event "26th Klatovy A 2018"]
[Site "Klatovy CZE"]
[Date "2018.07.03"]
[Round "4.24"]
[White "Kozak, Milos"]
[Black "Kubat, Miroslav"]
[Result "1-0"]
[WhiteElo "2156"]
[BlackElo "1993"]
[PlyCount "127"]
[EventDate "2018.06.30"]
[EventType "swiss"]
[EventRounds "9"]
[EventCountry "CZE"]

1. d4 f5 2. g3 Nf6 3. Bg2 g6 4. Nf3 Bg7 5. O-O O-O 6. c4 d6 7. Nc3 c6 8. Rb1 a5 9. Qb3 Na6 10. Na4 Qc7 11. Nb6 Rb8 12. c5+ Kh8 13. cxd6 exd6 14. Bd2 Nb4 15. Nxc8 Rbxc8 16. Bxb4 axb4 17. Qxb4 Nd5 18. Qd2 f4 19. Ng5 Qe7 20. Bxd5 Qxg5 21. Bf3 d5 22. a4 Qf6 23. Rbd1 h5 24. Kg2 Bh6 25. Qd3 Rce8 26. b4 Ra8 27. a5 Qd6 28. g4 Rg8 29. Rb1 Qf6 30. h3 h4 31. Ra1 Bg7 32. Rfd1 Qd6 33. b5 Kh7 34. bxc6 bxc6 35. a6 Ra7 36. Ra4 Rga8 37. Rb1 Qc7 38. Rb3 Kh6 39. Rc3 Qb6 40. Rb3 Qc7 41. Ra2 Bf6 42. Ra4 Qc8 43. Rba3 Qc7 44. Ra2 Qc8 45. Ra5 Be7 46. e3 fxe3 47. Qxe3+ Bg5 48. Qd3 Qc7 49. Bd1 Bd8 50. R5a4 Qd6 51. Re2 Bc7 52. Re5 Rf8 53. Bc2 Bb8 54. Qe3+ Kg7 55. Re6 Qh2+ 56. Kf1 Rf6 57. Rxf6 Kxf6 58. g5+ Kf7 59. Qf3+ Bf4 60. Rb4 Rxa6 61. Rb7+ Kg8 62. Bxg6 Ra2 63. Bh7+ Kh8 64. Bb1 1-0

[Event "26th Klatovy A 2018"]
[Site "Klatovy CZE"]
[Date "2018.07.03"]
[Round "4.25"]
[White "Chmel, Kristian"]
[Black "Neuendorf, Max"]
[Result "1-0"]
[WhiteElo "2121"]
[BlackElo "1981"]
[PlyCount "99"]
[EventDate "2018.06.30"]
[EventType "swiss"]
[EventRounds "9"]
[EventCountry "CZE"]

1. e4 c5 2. Nf3 Nc6 3. Bb5 Nf6 4. d3 Qa5+ 5. Nc3 Nd4 6. Bc4 b5 7. Bb3 Nxb3 8. cxb3 Bb7 9. O-O e6 10. Bg5 b4 11. Nb1 d6 12. Nbd2 h6 13. Bf4 g5 14. Bg3 Nh5 15. a3 Nxg3 16. fxg3 bxa3 17. bxa3 Bg7 18. Nc4 Qd8 19. Rc1 O-O 20. Kh1 d5 21. Ncd2 Qa5 22. a4 Ba6 23. Qe2 dxe4 24. Nxe4 Rac8 25. h4 Rfd8 26. Rcd1 g4 27. Nh2 f5 28. Nf6+ Kh8 29. Qxe6 Qb6 30. Qxf5 Bxf6 31. Qxf6+ Qxf6 32. Rxf6 Bxd3 33. Nxg4 Bc2 34. Rxd8+ Rxd8 35. Rxh6+ Kg7 36. Rc6 Bxb3 37. Rxc5 Bxa4 38. Ra5 Be8 39. Rxa7+ Kg6 40. Kh2 Bb5 41. Ra5 Rb8 42. Ne3 Kf6 43. g4 Rb7 44. Kg3 Be8 45. Ra3 Rb2 46. h5 Bf7 47. Kh4 Rb1 48. g5+ Ke7 49. g6 Be8 50. Kg5 1-0

[Event "26th Klatovy A 2018"]
[Site "Klatovy CZE"]
[Date "2018.07.03"]
[Round "4.26"]
[White "Hlavac, Rudolf"]
[Black "Brejnik, Gustav"]
[Result "1-0"]
[WhiteElo "1987"]
[BlackElo "2120"]
[PlyCount "63"]
[EventDate "2018.06.30"]
[EventType "swiss"]
[EventRounds "9"]
[EventCountry "CZE"]

1. e4 c6 2. d4 d5 3. Nc3 dxe4 4. Nxe4 Bf5 5. Ng3 Bg6 6. Nh3 Nf6 7. Nf4 Nbd7 8. Bc4 Qc7 9. h4 e5 10. Nxg6 hxg6 11. Qe2 Be7 12. Be3 Nd5 13. Bxd5 Qa5+ 14. c3 Qxd5 15. h5 O-O-O 16. O-O-O Qxa2 17. hxg6 Rxh1 18. Rxh1 Nb6 19. gxf7 Na4 20. Qc2 Nxb2 21. Qf5+ Kc7 22. Qxe5+ Bd6 23. Qxg7 Kb6 24. Kd2 Na4+ 25. Kd3 Bf8 26. d5+ Kb5 27. Qf6 Rxd5+ 28. Ke4 Qc2+ 29. Kf3 Nxc3 30. Rc1 Qh7 31. Rxc3 Bg7 32. f8=Q 1-0

[Event "26th Klatovy A 2018"]
[Site "Klatovy CZE"]
[Date "2018.07.03"]
[Round "4.27"]
[White "Routner, Jakub"]
[Black "Lhotsky, Zdenek"]
[Result "1/2-1/2"]
[WhiteElo "2096"]
[BlackElo "1825"]
[PlyCount "43"]
[EventDate "2018.06.30"]
[EventType "swiss"]
[EventRounds "9"]
[EventCountry "CZE"]

1. e4 c5 2. Nc3 a6 3. g3 b5 4. Bg2 Bb7 5. d3 e6 6. f4 d5 7. exd5 exd5 8. Nf3 Nf6 9. O-O Be7 10. Kh1 d4 11. Ne2 O-O 12. c3 Nc6 13. cxd4 Nxd4 14. Nexd4 cxd4 15. Bd2 Rc8 16. Rc1 Rxc1 17. Bxc1 Qd6 18. a4 b4 19. Ne5 Bxg2+ 20. Kxg2 Rc8 21. Nc4 Qc6+ 22. Kg1 1/2-1/2

[Event "26th Klatovy A 2018"]
[Site "Klatovy CZE"]
[Date "2018.07.03"]
[Round "4.28"]
[White "Svanda, Adam"]
[Black "Hajek, Jiri2"]
[Result "0-1"]
[WhiteElo "1814"]
[BlackElo "2081"]
[PlyCount "122"]
[EventDate "2018.06.30"]
[EventType "swiss"]
[EventRounds "9"]
[EventCountry "CZE"]

1. e4 b6 2. Nc3 Bb7 3. d4 e6 4. Bd3 Nf6 5. Nge2 Be7 6. O-O O-O 7. f3 c5 8. Be3 d5 9. exd5 exd5 10. Ng3 g6 11. b3 Nc6 12. Nce2 Rc8 13. c3 Qd7 14. Rc1 Na5 15. dxc5 bxc5 16. Rb1 Nc6 17. Re1 Ne5 18. Bc2 Qc6 19. Bf2 Bd6 20. Qd2 Rfe8 21. Rf1 Bf8 22. a3 h5 23. h4 Ba6 24. Rfe1 Kh7 25. Qd1 Bh6 26. b4 Nc4 27. Ba4 Bb5 28. Bxb5 Qxb5 29. bxc5 Qa5 30. Rb7 Kg8 31. Qd4 Bg7 32. Qf4 Qa6 33. Reb1 Nxa3 34. R1b3 Nc4 35. Rb8 Qe6 36. Nd4 Qe5 37. Qxe5 Nxe5 38. Rxc8 Rxc8 39. Nb5 Rb8 40. Nd4 Nfd7 41. Rxb8+ Nxb8 42. Nb5 Nec6 43. Ne2 a5 44. Nf4 Ne7 45. Bd4 Nbc6 46. Bxg7 Kxg7 47. Kf2 Kf6 48. g4 Ne5 49. g5+ Kg7 50. Nc7 Nf5 51. Ng2 a4 52. Nxd5 a3 53. Nde3 Nd3+ 54. Kg1 Nxc5 55. Nc2 a2 56. Na1 Kf8 57. Kf2 Na4 58. c4 Nc5 59. Ne3 Nd4 60. Nec2 Nxc2 61. Nxc2 Nb3 0-1

[Event "26th Klatovy A 2018"]
[Site "Klatovy CZE"]
[Date "2018.07.03"]
[Round "4.29"]
[White "Skopec, Lubos"]
[Black "Vedral, Oldrich"]
[Result "0-1"]
[WhiteElo "1981"]
[BlackElo "2203"]
[PlyCount "92"]
[EventDate "2018.06.30"]
[EventType "swiss"]
[EventRounds "9"]
[EventCountry "CZE"]

1. e4 e5 2. Nf3 Nc6 3. d4 exd4 4. Nxd4 Nf6 5. Nxc6 bxc6 6. e5 Qe7 7. Qe2 Nd5 8. c4 Ba6 9. Nd2 Nf4 10. Qe4 Ng6 11. f4 O-O-O 12. b3 f6 13. Bb2 Re8 14. g3 Qf7 15. O-O-O fxe5 16. fxe5 Bb7 17. Bg2 Bc5 18. Nf3 Qe7 19. Bh3 Nf8 20. Rhf1 Ne6 21. Qd3 Rd8 22. Kb1 Kb8 23. Bc1 Bc8 24. Qe4 Rde8 25. Bf5 h6 26. h4 Nf8 27. h5 Bb7 28. Qg4 Rd8 29. Bb2 Rg8 30. Nh4 Bc8 31. Rde1 Bb4 32. Re2 a5 33. Rd1 a4 34. Rd3 Ne6 35. Bxe6 dxe6 36. Ree3 a3 37. Bc3 Rxd3 38. Rxd3 Bxc3 39. Rxc3 Qc5 40. Qe2 Qg1+ 41. Rc1 Qxg3 42. Ng6 Rd8 43. Ne7 Bb7 44. Rd1 Rxd1+ 45. Qxd1 Qxe5 46. Qd2 c5 0-1

[Event "26th Klatovy A 2018"]
[Site "Klatovy CZE"]
[Date "2018.07.03"]
[Round "4.30"]
[White "Ondrejat, Miroslav"]
[Black "Krutsky, Martin"]
[Result "0-1"]
[WhiteElo "1948"]
[BlackElo "2123"]
[PlyCount "94"]
[EventDate "2018.06.30"]
[EventType "swiss"]
[EventRounds "9"]
[EventCountry "CZE"]

1. d4 Nf6 2. c4 g6 3. Nc3 Bg7 4. e4 d6 5. Nf3 O-O 6. Be2 Nbd7 7. O-O e5 8. d5 Nc5 9. Qc2 a5 10. Be3 Nh5 11. Rfe1 b6 12. Bf1 h6 13. Nd2 f5 14. f3 f4 15. Bf2 g5 16. Be2 Rf6 17. a3 Rg6 18. h3 a4 19. Bxc5 bxc5 20. Nxa4 Ng3 21. Nc3 h5 22. Nf1 g4 23. fxg4 hxg4 24. hxg4 Qh4 25. Nh2 Rh6 26. Nf3 Qxg4 27. Kf2 Bf6 28. Rg1 Bh4 29. Nxh4 Qxh4 30. Ke1 Nxe4+ 31. Kd1 Qf2 32. Rf1 Qd4+ 33. Kc1 Qe3+ 34. Kd1 Bf5 35. Nxe4 Bxe4 36. Qd2 Qb3+ 37. Kc1 Rg6 38. Qc3 Qxc3+ 39. bxc3 Rxg2 40. Kd2 Rb8 41. Ke1 Rg3 42. a4 Rxc3 43. a5 f3 44. Bd1 Rb2 45. Rf2 Re3+ 46. Kf1 Bd3+ 47. Kg1 Re1+ 0-1

[Event "26th Klatovy A 2018"]
[Site "Klatovy CZE"]
[Date "2018.07.03"]
[Round "4.31"]
[White "Pick, Stepan"]
[Black "Novotny, Jaroslav2"]
[Result "1/2-1/2"]
[WhiteElo "2113"]
[BlackElo "1933"]
[PlyCount "71"]
[EventDate "2018.06.30"]
[EventType "swiss"]
[EventRounds "9"]
[EventCountry "CZE"]

1. Nf3 d5 2. c4 c6 3. e3 Nf6 4. Nc3 g6 5. d4 Bg7 6. Be2 O-O 7. O-O Ne4 8. Qb3 dxc4 9. Bxc4 Nd6 10. Be2 Be6 11. Qc2 Na6 12. a3 Nc7 13. Rd1 Rc8 14. e4 Ncb5 15. Nb1 Bg4 16. Be3 e6 17. a4 Nc7 18. Nbd2 Qe7 19. h3 Bxf3 20. Nxf3 h6 21. Bd3 Kh7 22. Qb3 Na8 23. Rac1 Rfd8 24. Qc2 Rc7 25. b3 Rcd7 26. h4 Kg8 27. Qd2 Qf8 28. Qc2 Nb6 29. a5 Nbc8 30. a6 Ne7 31. axb7 Rxb7 32. Ra1 Nb5 33. Ra4 Qe8 34. Qc1 Qf8 35. Qc5 Qe8 36. Rc1 1/2-1/2

[Event "26th Klatovy A 2018"]
[Site "Klatovy CZE"]
[Date "2018.07.03"]
[Round "4.32"]
[White "Hulin, Petr"]
[Black "Novy, Daniel"]
[Result "1/2-1/2"]
[WhiteElo "2090"]
[BlackElo "1941"]
[PlyCount "48"]
[EventDate "2018.06.30"]
[EventType "swiss"]
[EventRounds "9"]
[EventCountry "CZE"]

1. d4 Nf6 2. Nf3 g6 3. h4 d6 4. Nc3 Bg7 5. e4 Bg4 6. Be2 Nbd7 7. Bg5 h6 8. Be3 c6 9. Qd2 Nb6 10. O-O-O Be6 11. Kb1 Ng4 12. d5 Nxe3 13. fxe3 Bd7 14. e5 dxe5 15. e4 Rc8 16. d6 exd6 17. Qxd6 Qe7 18. h5 Qxd6 19. Rxd6 Ke7 20. Rhd1 g5 21. Na4 Rcd8 22. Nc5 Bc8 23. Rxd8 Rxd8 24. Rxd8 Kxd8 1/2-1/2

[Event "26th Klatovy A 2018"]
[Site "Klatovy CZE"]
[Date "2018.07.03"]
[Round "4.33"]
[White "Kusa, Jakub"]
[Black "Kunc, Jan"]
[Result "1-0"]
[WhiteElo "2046"]
[BlackElo "1947"]
[PlyCount "95"]
[EventDate "2018.06.30"]
[EventType "swiss"]
[EventRounds "9"]
[EventCountry "CZE"]

1. e4 c5 2. Nf3 d6 3. d4 cxd4 4. Nxd4 Nf6 5. Nc3 g6 6. g3 Bg7 7. Bg2 O-O 8. O-O Nc6 9. Nde2 Bd7 10. h3 Rc8 11. a4 Ne5 12. Ra2 Nc4 13. b3 Ne5 14. Nd5 a6 15. Be3 Bc6 16. c4 b5 17. axb5 axb5 18. Bb6 Qe8 19. Nc7 Rxc7 20. Bxc7 bxc4 21. f4 Nd3 22. bxc4 Nc5 23. Bb6 Bxe4 24. Bxc5 Bxg2 25. Kxg2 Qc6+ 26. Rf3 Qxc5 27. Qd4 Qc6 28. Nc3 Re8 29. Re2 e6 30. Ne4 Nxe4 31. Qxe4 Qb6 32. f5 gxf5 33. Rxf5 Rb8 34. Rxf7 Kxf7 35. Qxe6+ Kf8 36. Rf2+ Qxf2+ 37. Kxf2 Rb2+ 38. Kf1 Be5 39. c5 Rd2 40. c6 Rd1+ 41. Ke2 Rc1 42. Qf5+ Ke8 43. Qd7+ Kf8 44. c7 Rc2+ 45. Kd1 Rxc7 46. Qxc7 Bxg3 47. Qxh7 Be5 48. h4 1-0

[Event "26th Klatovy A 2018"]
[Site "Klatovy CZE"]
[Date "2018.07.03"]
[Round "4.34"]
[White "Richter, Martin1"]
[Black "Hacaperka, Michal"]
[Result "1-0"]
[WhiteElo "2009"]
[BlackElo "1890"]
[PlyCount "87"]
[EventDate "2018.06.30"]
[EventType "swiss"]
[EventRounds "9"]
[EventCountry "CZE"]

1. e4 c5 2. Nf3 d6 3. d4 cxd4 4. Nxd4 Nf6 5. Nc3 a6 6. Be3 Ng4 7. Bg5 h6 8. Bh4 g5 9. Bg3 Bg7 10. h3 Ne5 11. Qd2 Nbc6 12. O-O-O Nxd4 13. Qxd4 O-O 14. Qe3 Ng6 15. Nd5 Be6 16. Be2 Qa5 17. Kb1 Rac8 18. Qb6 Qa4 19. Bd3 Bxd5 20. exd5 Ne5 21. Bxe5 Bxe5 22. Rhe1 Kg7 23. Re4 Qd7 24. Qe3 f5 25. Rb4 Rc5 26. Qf3 b5 27. g4 a5 28. Rb3 b4 29. gxf5 Rf6 30. h4 Qb7 31. hxg5 hxg5 32. Qh5 Qxd5 33. Qxg5+ Kf8 34. Be2 Qe4 35. Bd3 Qf4 36. Qg2 Qh2 37. Qa8+ Kg7 38. Rh1 Rc8 39. Qf3 Qf4 40. Rg1+ Kf8 41. Qh3 Ke8 42. Bb5+ Kd8 43. Qh7 Qxf5 44. Rg8+ 1-0

[Event "26th Klatovy A 2018"]
[Site "Klatovy CZE"]
[Date "2018.07.03"]
[Round "4.35"]
[White "Bartonicek, Zdenek"]
[Black "Bartos, Karel"]
[Result "1/2-1/2"]
[WhiteElo "1987"]
[BlackElo "1823"]
[PlyCount "128"]
[EventDate "2018.06.30"]
[EventType "swiss"]
[EventRounds "9"]
[EventCountry "CZE"]

1. e4 d5 2. exd5 Qxd5 3. Nc3 Qa5 4. d4 Nf6 5. Nf3 c6 6. Bd2 Bf5 7. Bc4 e6 8. O-O Nbd7 9. Re1 Bb4 10. a3 Bxc3 11. Bxc3 Qc7 12. Ne5 Nxe5 13. dxe5 Rd8 14. Qf3 Nd5 15. Bxd5 Rxd5 16. Rad1 O-O 17. Rxd5 cxd5 18. Bb4 Rc8 19. c3 Qc4 20. Qe3 Qe4 21. Qxe4 Bxe4 22. f3 Bc2 23. Kf2 Rc4 24. Ke3 Ba4 25. Bd6 Bb3 26. Bb8 a6 27. Ba7 Kf8 28. Bd4 Ke7 29. f4 Kd7 30. Kd2 Ke7 31. h4 h5 32. Rg1 Rc8 33. g4 hxg4 34. Rxg4 g6 35. Bf2 Rh8 36. a4 Bxa4 37. f5 Be8 38. fxg6 fxg6 39. Be3 Kd7 40. Bg5 Rf8 41. Bf6 Kc6 42. c4 Bf7 43. cxd5+ Kxd5 44. Kd3 Kc6 45. Rc4+ Kb6 46. Ke3 Re8 47. Kf4 Ra8 48. Kg5 Be8 49. Rd4 Kb5 50. Rd6 Bc6 51. Kxg6 Be4+ 52. Kf7 Bf5 53. h5 Rc8 54. Rxe6 Bxe6+ 55. Kxe6 Rc2 56. h6 Rh2 57. Bg5 Kc6 58. Kf7 Kd5 59. Kg8 Rxh6 60. Bxh6 Kxe5 61. Kf7 Kd5 62. Ke7 Kc4 63. Kd6 Kb3 64. Bg7 a5 1/2-1/2

[Event "26th Klatovy A 2018"]
[Site "Klatovy CZE"]
[Date "2018.07.03"]
[Round "4.36"]
[White "Odehnal, Jaroslav"]
[Black "Novak, Vaclav2"]
[Result "1-0"]
[WhiteElo "1974"]
[BlackElo "1778"]
[PlyCount "73"]
[EventDate "2018.06.30"]
[EventType "swiss"]
[EventRounds "9"]
[EventCountry "CZE"]

1. d4 d5 2. c4 e6 3. Nc3 Nf6 4. Nf3 Nbd7 5. e3 Be7 6. Be2 b6 7. cxd5 exd5 8. O-O O-O 9. a3 Bb7 10. b4 Ne4 11. Qb3 Nxc3 12. Qxc3 Rc8 13. Bb2 Bf6 14. Qb3 Ba8 15. Rac1 c5 16. dxc5 bxc5 17. Bxf6 Qxf6 18. bxc5 Nxc5 19. Qb4 Ne6 20. Nd4 g6 21. Qa4 Nxd4 22. Qxd4 Qe7 23. a4 Rc7 24. Rxc7 Qxc7 25. Bf3 Qa5 26. Rd1 Rd8 27. h4 Bc6 28. h5 gxh5 29. Bxh5 Rd6 30. Qf4 Qc7 31. Bxf7+ Kg7 32. Bh5 Qe7 33. Qd4+ Rf6 34. Bf3 Qf7 35. Bxd5 Bxd5 36. Qxd5 Rxf2 37. Qg5+ 1-0

[Event "26th Klatovy A 2018"]
[Site "Klatovy CZE"]
[Date "2018.07.03"]
[Round "4.37"]
[White "Hlavina, Matous"]
[Black "Cekan, Petr1"]
[Result "1-0"]
[WhiteElo "1776"]
[BlackElo "1966"]
[PlyCount "95"]
[EventDate "2018.06.30"]
[EventType "swiss"]
[EventRounds "9"]
[EventCountry "CZE"]

1. e4 c5 2. Nf3 Nc6 3. d4 cxd4 4. Nxd4 g6 5. Be3 Bg7 6. Bc4 Nf6 7. Nc3 Ne5 8. Be2 d6 9. f3 O-O 10. Qd2 Bd7 11. O-O-O Re8 12. Kb1 Rc8 13. g4 a5 14. h4 h5 15. Rdg1 a4 16. Nd5 Nxd5 17. exd5 Rc5 18. gxh5 Qb6 19. hxg6 fxg6 20. Bh6 Rxd5 21. Bxg7 Kxg7 22. Nf5+ Bxf5 23. Qxd5 Rc8 24. Rc1 e6 25. Qd2 a3 26. b3 Qc5 27. Rhd1 Nc6 28. Qxd6 Qc3 29. Qxa3 Nd4 30. Rxd4 Qxd4 31. Qb2 Rc3 32. Bd3 Kh6 33. Bxf5 exf5 34. Qa3 Rxf3 35. Rh1 Qf6 36. Qa8 Qg7 37. Qd8 Rg3 38. Qd6 Qc3 39. h5 Qf3 40. Qf8+ Kg5 41. Qd8+ Kh6 42. Qh8+ Kg5 43. hxg6 Kxg6 44. Qg8+ Kf6 45. Rh6+ Ke5 46. Qb8+ Kd4 47. Qd6+ Ke3 48. Re6+ 1-0

[Event "26th Klatovy A 2018"]
[Site "Klatovy CZE"]
[Date "2018.07.03"]
[Round "4.38"]
[White "Smid, Pavel"]
[Black "Kaspar, Lukas"]
[Result "1-0"]
[WhiteElo "1964"]
[BlackElo "1799"]
[PlyCount "75"]
[EventDate "2018.06.30"]
[EventType "swiss"]
[EventRounds "9"]
[EventCountry "CZE"]

1. d4 Nf6 2. Bg5 c5 3. d5 Qb6 4. Nc3 Qxb2 5. Bd2 Qb6 6. e4 d6 7. f4 e6 8. Rb1 Qc7 9. Nf3 Be7 10. a4 Nbd7 11. dxe6 fxe6 12. Ng5 Nf8 13. Nb5 Qc6 14. Nxa7 Qc7 15. Nxc8 Qxc8 16. Bb5+ N6d7 17. Qg4 Bxg5 18. Qxg5 Qd8 19. Qxg7 Ng6 20. O-O Qe7 21. Bxd7+ Qxd7 22. Qxd7+ Kxd7 23. Rxb7+ Kc6 24. Rfb1 Ra6 25. a5 c4 26. R1b6+ Rxb6 27. Rxb6+ Kc7 28. Rb4 d5 29. exd5 exd5 30. f5 Ne7 31. f6 Nc6 32. Bf4+ Kd7 33. Rb5 Ke6 34. Rb6 Rc8 35. a6 Kf5 36. g3 Kxf6 37. a7 Kf5 38. Rxc6 1-0

[Event "26th Klatovy A 2018"]
[Site "Klatovy CZE"]
[Date "2018.07.03"]
[Round "4.39"]
[White "Brunova, Blanka"]
[Black "Skypala, Ondrej"]
[Result "1-0"]
[WhiteElo "1994"]
[BlackElo "1852"]
[PlyCount "83"]
[EventDate "2018.06.30"]
[EventType "swiss"]
[EventRounds "9"]
[EventCountry "CZE"]

1. e4 e6 2. d4 d5 3. Nd2 Nf6 4. e5 Nfd7 5. Ngf3 c5 6. c3 Nc6 7. Bd3 Qb6 8. O-O Be7 9. Re1 h6 10. Nf1 cxd4 11. cxd4 Nxd4 12. Nxd4 Qxd4 13. Be3 Qxb2 14. f4 Bc5 15. Rc1 Bxe3+ 16. Rxe3 Qb6 17. Qg4 g5 18. Kh1 Nc5 19. Bb1 d4 20. Rh3 Qb2 21. Qd1 b6 22. Nd2 Bd7 23. Nc4 Qf2 24. Rf3 Qh4 25. Nd6+ Ke7 26. fxg5 hxg5 27. Rxf7+ Kd8 28. h3 Bc6 29. Kg1 Qg3 30. Qf1 Qe3+ 31. Rf2 g4 32. Re1 Bxg2 33. Rxe3 Bxf1 34. Ra3 gxh3 35. Rxf1 h2+ 36. Kh1 Kc7 37. Nb5+ Kc6 38. Nxd4+ Kd5 39. Nf3 Raf8 40. Rd1+ Kc6 41. Rd2 Rh3 42. Nd4+ 1-0

[Event "26th Klatovy A 2018"]
[Site "Klatovy CZE"]
[Date "2018.07.03"]
[Round "4.40"]
[White "Novak, Martin"]
[Black "Flajsman, Pavel"]
[Result "0-1"]
[WhiteElo "1945"]
[BlackElo "1828"]
[PlyCount "118"]
[EventDate "2018.06.30"]
[EventType "swiss"]
[EventRounds "9"]
[EventCountry "CZE"]

1. e4 c6 2. d4 d5 3. e5 Bf5 4. Nc3 e6 5. g4 Bg6 6. Nge2 c5 7. Nf4 cxd4 8. Nxg6 hxg6 9. Qxd4 Nc6 10. Bb5 Qc7 11. f4 a6 12. Qa4 Rc8 13. Bd3 g5 14. Bd2 gxf4 15. Bxf4 g5 16. Bg3 Bg7 17. O-O-O Qa5 18. Qxa5 Nxa5 19. Rde1 Ne7 20. Nb1 Nc4 21. Nd2 Nxd2 22. Kxd2 Nc6 23. c3 Rb8 24. a4 b5 25. axb5 axb5 26. b4 Kd7 27. Re2 Rb7 28. Ra1 d4 29. Be4 dxc3+ 30. Kxc3 Rc8 31. Ra6 Nxe5+ 32. Kb3 Rbc7 33. Bxe5 Bxe5 34. Bc6+ Rxc6 35. Rxc6 Kxc6 36. Rxe5 Rh8 37. Rc5+ Kb6 38. Rxg5 Rxh2 39. Kc3 Rf2 40. Rg7 Kc6 41. Kd4 Kd6 42. Rg5 Rf4+ 43. Kc3 e5 44. Rg8 Rf3+ 45. Kc2 Kd5 46. Rc8 Kd4 47. Rc5 Rg3 48. Rxb5 Rxg4 49. Rb6 f5 50. Rf6 f4 51. b5 Rg7 52. Kd2 Rg2+ 53. Ke1 Ke3 54. Kf1 Rb2 55. b6 f3 56. Kg1 Rb1+ 57. Kh2 f2 58. Kg2 Rg1+ 59. Kh2 f1=Q 0-1

[Event "26th Klatovy A 2018"]
[Site "Klatovy CZE"]
[Date "2018.07.03"]
[Round "4.41"]
[White "Vilimova, Julie"]
[Black "Cecil, Pavel"]
[Result "1/2-1/2"]
[WhiteElo "1826"]
[BlackElo "1924"]
[PlyCount "82"]
[EventDate "2018.06.30"]
[EventType "swiss"]
[EventRounds "9"]
[EventCountry "CZE"]

1. e4 e6 2. d4 d5 3. Nc3 Nf6 4. e5 Nfd7 5. f4 c5 6. Nf3 Nc6 7. Be3 a6 8. Qd2 b5 9. a3 Qb6 10. Nd1 a5 11. c3 b4 12. axb4 cxb4 13. Bd3 Ba6 14. f5 Bxd3 15. Qxd3 Be7 16. O-O O-O 17. Nf2 Qa6 18. Qc2 exf5 19. Qxf5 Qc8 20. e6 Nf6 21. exf7+ Rxf7 22. Qxc8+ Rxc8 23. Ng5 Rff8 24. Nd3 bxc3 25. bxc3 Nd8 26. Ne5 Rxc3 27. Bd2 Rc2 28. Bxa5 h6 29. Ng6 hxg5 30. Nxe7+ Kf7 31. Nxd5 Ne6 32. Bb4 Rd8 33. Ra7+ Kg6 34. Nxf6 Rxd4 35. Ra6 Re2 36. Bc3 Rc4 37. Nd5 Rc5 38. Ne7+ Kh7 39. Bb4 Rcc2 40. Bd6 Nf4 41. Bxf4 gxf4 1/2-1/2

[Event "26th Klatovy A 2018"]
[Site "Klatovy CZE"]
[Date "2018.07.03"]
[Round "4.42"]
[White "Kovar, Petr"]
[Black "Pavlicek, Lukas"]
[Result "1-0"]
[WhiteElo "1911"]
[BlackElo "1819"]
[PlyCount "101"]
[EventDate "2018.06.30"]
[EventType "swiss"]
[EventRounds "9"]
[EventCountry "CZE"]

1. c4 g6 2. Nc3 Bg7 3. d4 Nf6 4. e4 d6 5. f3 O-O 6. Be3 e5 7. Nge2 Nh5 8. Qd2 f5 9. d5 f4 10. Bf2 a6 11. c5 Nd7 12. Na4 b5 13. cxb6 cxb6 14. Nc1 Nhf6 15. Nd3 Bb7 16. Be2 Rc8 17. O-O b5 18. Nc3 Nb6 19. b3 Nfd7 20. a4 bxa4 21. Nxa4 Nxa4 22. Rxa4 Bf6 23. Qb4 Qc7 24. Rc1 Qb8 25. Raa1 Rxc1+ 26. Rxc1 Rc8 27. Rxc8+ Bxc8 28. Qxb8 Nxb8 29. Ba7 Nd7 30. Nb4 Bd8 31. Bxa6 Bxa6 32. Nxa6 Bb6+ 33. Bxb6 Nxb6 34. Kf1 Kf7 35. Ke2 Ke7 36. Kd3 Kd7 37. Nb8+ Kc7 38. Nc6 Nd7 39. b4 g5 40. Ne7 Nf8 41. Kc4 h5 42. Kb5 g4 43. Ka6 gxf3 44. gxf3 Nd7 45. Nf5 Nf8 46. Ng7 h4 47. Ne6+ Nxe6 48. dxe6 d5 49. b5 dxe4 50. b6+ Kd6 51. fxe4 1-0